[Event "Carnaval"]
[Site "Quebec CAN"]
[Date "2026.02.22"]
[Round "5"]
[White "Wu, Ting En Ryan"]
[Black "Cassista, Jeremie"]
[Result "1-0"]
[WhiteElo "1839"]
[BlackElo "1814"]
[WhiteFideId "-1"]
[BlackFideId "-1"]
[PlyCount "31"]
[GameId "2286552151625814"]
[EventDate "2026.02.20"]
[EventType "swiss"]
[EventRounds "5"]
[EventCountry "CAN"]
[TimeControl "5400+30"]

1. e4 c6 2. d4 d5 3. Nc3 Nf6 4. e5 Ne4 5. Nce2 h6 6. h4 e6 7. f3 Nc5 8. dxc5 Bxc5 9. Nd4 f6 10. f4 fxe5 11. fxe5 O-O 12. Ngf3 Qe8 13. Bd3 Qh5 14. g4 Qxg4 15. Rg1 Qh3 16. Bf1 1-0

[Event "Carnaval"]
[Site "Quebec CAN"]
[Date "2026.02.22"]
[Round "5"]
[White "Adam, Rafael"]
[Black "Alcantara, Maximo"]
[Result "1-0"]
[WhiteElo "2304"]
[BlackElo "1941"]
[WhiteFideId "-1"]
[BlackFideId "-1"]
[PlyCount "85"]
[GameId "2286552151625815"]
[EventDate "2026.02.20"]
[EventType "swiss"]
[EventRounds "5"]
[EventCountry "CAN"]
[TimeControl "5400+30"]

1. e4 Nf6 2. e5 Nd5 3. d4 d6 4. Nf3 Bg4 5. Bc4 e6 6. exd6 Bxd6 7. Nbd2 O-O 8. h3 Bh5 9. O-O Nc6 10. c3 Na5 11. Bd3 Nf4 12. Be4 f5 13. Bc2 g5 14. b4 g4 15. bxa5 gxf3 16. Nxf3 Rf6 17. Bxf4 Bxf4 18. a6 b6 19. Qd3 Rh6 20. Rfe1 Qd6 21. Ne5 Rd8 22. Qc4 Kf8 23. Kf1 Be8 24. Ba4 c6 25. Bb3 b5 26. Qc5 Qxc5 27. dxc5 Bd2 28. Rad1 Ke7 29. Re2 Bxc3 30. Rxd8 Kxd8 31. Nd3 Ke7 32. Rc2 Bd4 33. a4 bxa4 34. Bxa4 Rh4 35. f4 Bd7 36. Rc4 Bf6 37. Rb4 Bc8 38. Rb7+ Kd8 39. Rxa7 Bd4 40. Bxc6 Bxc5 41. Nxc5 Rxf4+ 42. Bf3 e5 43. Ra8 1-0

[Event "Carnaval"]
[Site "Quebec CAN"]
[Date "2026.02.22"]
[Round "5"]
[White "Drolet, Louis-Charles"]
[Black "Belanger, Mathieu-Olivier"]
[Result "1-0"]
[WhiteElo "1992"]
[BlackElo "1920"]
[WhiteFideId "-1"]
[BlackFideId "-1"]
[PlyCount "95"]
[GameId "2286552151625816"]
[EventDate "2026.02.20"]
[EventType "swiss"]
[EventRounds "5"]
[EventCountry "CAN"]
[TimeControl "5400+30"]

1. e4 e5 2. Nf3 Nc6 3. Bc4 Be7 4. O-O Nf6 5. Re1 O-O 6. d4 d6 7. c3 Bg4 8. d5 Nb8 9. Nbd2 c6 10. Nf1 cxd5 11. Bxd5 Bxf3 12. gxf3 Nxd5 13. Qxd5 Nc6 14. Ng3 g6 15. Bh6 Re8 16. Rad1 Qa5 17. Qc4 Qc5 18. Qf1 Bf8 19. Qh3 Re6 20. Bg5 Bg7 21. Rd2 Rae8 22. Kh1 Kh8 23. Rg1 Ne7 24. Bxe7 R8xe7 25. Qg2 Bh6 26. Rd5 Qc8 27. Rgd1 Qd8 28. c4 b6 29. Ne2 f5 30. b4 Qc7 31. c5 bxc5 32. bxc5 dxc5 33. Qh3 Bf8 34. exf5 Rf6 35. fxg6 Rxg6 36. Rd8 Rg8 37. Ng3 Reg7 38. Qf5 Qf7 39. Qxe5 Qxf3+ 40. Kg1 h5 41. Kf1 h4 42. Nf5 Qg2+ 43. Ke2 Qg4+ 44. f3 Qg2+ 45. Ke3 Qxa2 46. Rxf8 Qb3+ 47. Rd3 Qb7 48. Rxg8+ 1-0

[Event "Carnaval"]
[Site "Quebec CAN"]
[Date "2026.02.22"]
[Round "5"]
[White "Chua, Zachary"]
[Black "Lamontagne, Damien"]
[Result "0-1"]
[WhiteElo "1971"]
[BlackElo "1905"]
[WhiteFideId "-1"]
[BlackFideId "-1"]
[PlyCount "100"]
[GameId "2286552151625817"]
[EventDate "2026.02.20"]
[EventType "swiss"]
[EventRounds "5"]
[EventCountry "CAN"]
[TimeControl "5400+30"]

1. d4 Nf6 2. Bf4 d5 3. e3 c5 4. c3 Nc6 5. Nd2 Bf5 6. h3 h6 7. Ngf3 Qb6 8. Qc1 e6 9. a4 Rc8 10. Be2 Be7 11. O-O cxd4 12. exd4 O-O 13. b3 Nb4 14. a5 Qd8 15. Qb2 Bd3 16. Nb1 Ne4 17. Rc1 Bxe2 18. Qxe2 Bd6 19. Ne5 Bxe5 20. dxe5 Nc6 21. b4 Qh4 22. Qe3 a6 23. Nd2 Nxd2 24. Qxd2 Rfd8 25. Bg3 Qe7 26. Rab1 Na7 27. Bf4 Nb5 28. Be3 Rc4 29. Bd4 Rdc8 30. Bc5 Qc7 31. Qe3 Re4 32. Qd3 Qxe5 33. c4 dxc4 34. Qd7 Qc7 35. Qd2 Rd8 36. Qc2 Qe5 37. Rd1 Rd5 38. f3 Re2 39. Qxc4 Na3 40. Rxd5 exd5 41. Bd4 dxc4 42. Bxe5 Nxb1 43. Bf4 g5 44. Kh2 gxf4 45. b5 c3 46. b6 c2 47. h4 c1=Q 48. Kh3 h5 49. Kh2 Qd1 50. Kh3 Qh1# 0-1

[Event "Carnaval"]
[Site "Quebec CAN"]
[Date "2026.02.22"]
[Round "5"]
[White "Page-Fortin, Mathieu"]
[Black "Vaillant, Charles-Etienne"]
[Result "1/2-1/2"]
[WhiteElo "1954"]
[BlackElo "1863"]
[WhiteFideId "-1"]
[BlackFideId "-1"]
[PlyCount "48"]
[GameId "2286552151634010"]
[EventDate "2026.02.20"]
[EventType "swiss"]
[EventRounds "5"]
[EventCountry "CAN"]
[TimeControl "5400+30"]

1. b3 e5 2. Bb2 Nc6 3. e3 d5 4. Bb5 Nge7 5. Bxe5 a6 6. Bxc6+ Nxc6 7. Bg3 h5 8. h3 h4 9. Bh2 d4 10. exd4 Nxd4 11. Ne2 Qe7 12. c3 Nxe2 13. Qxe2 Be6 14. O-O O-O-O 15. d4 Rh6 16. Kh1 Qd7 17. Nd2 Qc6 18. f3 Bd6 19. Bxd6 Qxd6 20. Ne4 Qf4 21. Qd2 Qxd2 22. Nxd2 c5 23. Rac1 cxd4 24. cxd4+ Kb8 1/2-1/2

[Event "Carnaval"]
[Site "Quebec CAN"]
[Date "2026.02.22"]
[Round "5"]
[White "Papineau Esq, Daniel"]
[Black "Wilkin, Alain"]
[Result "0-1"]
[WhiteElo "2010"]
[BlackElo "1813"]
[WhiteFideId "-1"]
[BlackFideId "-1"]
[PlyCount "116"]
[GameId "2286552151634011"]
[EventDate "2026.02.20"]
[EventType "swiss"]
[EventRounds "5"]
[EventCountry "CAN"]
[TimeControl "5400+30"]

1. d4 Nf6 2. c4 g6 3. Nc3 Bg7 4. e4 d6 5. Nf3 O-O 6. h3 c6 7. Be2 a6 8. a4 a5 9. Bg5 h6 10. Be3 Na6 11. Qd2 Nb4 12. Rc1 Kh7 13. g4 Nd7 14. Kf1 e5 15. dxe5 dxe5 16. Kg2 Qe7 17. c5 Re8 18. Nb1 Nf8 19. Rhd1 Be6 20. Na3 Red8 21. Qe1 Bb3 22. Rd6 Bxa4 23. Nc4 Nc2 24. Qd2 Nxe3+ 25. fxe3 Bb5 26. Nb6 Bxe2 27. Qxe2 Rab8 28. Rcd1 Rxd6 29. cxd6 Qd8 30. Nc4 Nd7 31. Qd2 Ra8 32. Qc3 a4 33. Qb4 b5 34. Ncd2 Qb6 35. Kf2 Re8 36. Nb1 Re6 37. Nc3 Bf8 38. g5 Qb8 39. gxh6 Kxh6 40. Ne2 Bxd6 41. Qe1 Nf6 42. Kg2 Nh5 43. Kh2 Be7 44. Qf2 Qe8 45. Qg2 Bf6 46. Rg1 Qe7 47. Qg4 Rd6 48. Kh1 Rd3 49. Nc3 Qd7 50. Qg2 Rxe3 51. Nd1 Rb3 52. Nf2 Kg7 53. Rd1 Qe7 54. Qg4 Qc5 55. Nd3 Qe3 56. Nde1 Nf4 57. Rd7 Qxe4 58. Kg1 Rxb2 0-1

[Event "Carnaval"]
[Site "Quebec CAN"]
[Date "2026.02.22"]
[Round "5"]
[White "Bain-Thouverez, Aurelien"]
[Black "Huynh, Nhu Phuong Nghi"]
[Result "1-0"]
[WhiteElo "1821"]
[BlackElo "1656"]
[WhiteFideId "-1"]
[BlackFideId "-1"]
[PlyCount "89"]
[GameId "2286552151634012"]
[EventDate "2026.02.20"]
[EventType "swiss"]
[EventRounds "5"]
[EventCountry "CAN"]
[TimeControl "5400+30"]

1. Nf3 Nf6 2. g3 g6 3. Bg2 Bg7 4. c4 c6 5. O-O O-O 6. d4 d5 7. Nc3 a5 8. Ne5 e6 9. e4 Nxe4 10. Bxe4 dxe4 11. Nxe4 f6 12. Nf3 e5 13. dxe5 Qxd1 14. Rxd1 Bg4 15. Rd3 fxe5 16. Nfd2 Na6 17. f3 Nb4 18. Rc3 Bf5 19. g4 Bxe4 20. Nxe4 Rad8 21. Bg5 Rd3 22. Kg2 Rxc3 23. bxc3 Nd3 24. Rd1 Nf4+ 25. Kg3 h6 26. Bd8 a4 27. Bb6 Rf7 28. Rd8+ Bf8 29. Ra8 Kg7 30. Rxa4 Rd7 31. Ra7 Ne2+ 32. Kf2 Nc1 33. a4 Nd3+ 34. Ke2 Nf4+ 35. Kf2 Be7 36. Be3 Bh4+ 37. Ng3 Nd3+ 38. Ke2 Nb2 39. a5 Nxc4 40. a6 Nd6 41. Ne4 Be7 42. Nc5 Nb5 43. Nxd7 Nxa7 44. axb7 Bd6 45. Bxa7 1-0

[Event "Carnaval"]
[Site "Quebec CAN"]
[Date "2026.02.22"]
[Round "5"]
[White "Audouze, Oscar"]
[Black "Zhang, Yitian"]
[Result "1-0"]
[WhiteElo "1844"]
[BlackElo "1828"]
[WhiteFideId "-1"]
[BlackFideId "-1"]
[PlyCount "95"]
[GameId "2286552151634013"]
[EventDate "2026.02.20"]
[EventType "swiss"]
[EventRounds "5"]
[EventCountry "CAN"]
[TimeControl "5400+30"]

1. d4 d5 2. c4 c6 3. Nf3 Nf6 4. e3 e6 5. Nbd2 Nbd7 6. Bd3 Bd6 7. O-O O-O 8. e4 dxe4 9. Nxe4 Nxe4 10. Bxe4 Nf6 11. Bc2 b6 12. Bg5 Bb7 13. Qd3 g6 14. Rfe1 Be7 15. Qc3 Kg7 16. Ne5 Qc7 17. d5 cxd5 18. Ng4 Qd8 19. Bh6+ Kg8 20. Bxf8 Kxf8 21. Qh3 Nxg4 22. Qxg4 Bf6 23. cxd5 Bxd5 24. Rad1 Qc7 25. Be4 Bxe4 26. Qxe4 Rc8 27. Qa4 a5 28. Rd7 Qc6 29. Qxc6 Rxc6 30. b3 Rc2 31. Red1 Rxa2 32. Rb7 Rb2 33. g3 Rxb3 34. Rdd7 Kg7 35. Rxf7+ Kh6 36. Rxf6 a4 37. Rxe6 a3 38. Ra7 b5 39. Re3 Rb1+ 40. Kg2 b4 41. Re5 Rb2 42. Rea5 Ra2 43. g4 Rb2 44. g5+ Kh5 45. Kg3 h6 46. Rh7 Rb3+ 47. f3 a2 48. Rxh6# 1-0

[Event "Carnaval"]
[Site "Quebec CAN"]
[Date "2026.02.22"]
[Round "5"]
[White "Genest, Jean-Philippe"]
[Black "Lapalme, Gabriel"]
[Result "1-0"]
[WhiteElo "1694"]
[BlackElo "1530"]
[WhiteFideId "-1"]
[BlackFideId "-1"]
[PlyCount "99"]
[GameId "2286552151638110"]
[EventDate "2026.02.20"]
[EventType "swiss"]
[EventRounds "5"]
[EventCountry "CAN"]
[TimeControl "5400+30"]

1. d4 d5 2. c4 e6 3. Nf3 Nf6 4. g3 c5 5. cxd5 Nxd5 6. Bg2 Nc6 7. O-O Bd7 8. e4 Nf6 9. d5 Nb4 10. a3 Qa5 11. Nc3 c4 12. Ne5 exd5 13. exd5 Qa6 14. Re1 O-O-O 15. Bf4 Nbxd5 16. Bxd5 Nxd5 17. Qxd5 Be6 18. Qb5 Qxb5 19. Nxb5 Bc5 20. Rad1 a6 21. Nc3 b5 22. Kg2 Bd4 23. Nf3 Bxc3 24. bxc3 Rd3 25. Be5 Rhd8 26. Bd4 Rxd1 27. Rxd1 f6 28. Ng1 Bf5 29. f3 Re8 30. Kf2 Kc7 31. Re1 Rxe1 32. Kxe1 Kc6 33. Ne2 Kd6 34. Kd2 Ke7 35. Bc5+ Kf7 36. Nd4 Bc8 37. Ke3 Bb7 38. Nf5 Bc6 39. Nd6+ Ke6 40. g4 g6 41. Ne4 f5 42. Ng5+ Kd5 43. Bf8 fxg4 44. fxg4 h5 45. gxh5 gxh5 46. Kf4 Be8 47. h4 Bd7 48. Bb4 Bg4 49. Ne4 Bd7 50. Nf6+ 1-0

[Event "Carnaval"]
[Site "Quebec CAN"]
[Date "2026.02.22"]
[Round "5"]
[White "Potvin, Alain-Nicolas"]
[Black "Dube, Daniel"]
[Result "1-0"]
[WhiteElo "1717"]
[BlackElo "1840"]
[WhiteFideId "-1"]
[BlackFideId "-1"]
[PlyCount "83"]
[GameId "2286552151638111"]
[EventDate "2026.02.20"]
[EventType "swiss"]
[EventRounds "5"]
[EventCountry "CAN"]
[TimeControl "5400+30"]

1. d4 d6 2. Nf3 Nf6 3. Bf4 Nbd7 4. e3 Nh5 5. Bg5 h6 6. Bh4 g5 7. Nfd2 Ndf6 8. Bg3 c5 9. Nc3 cxd4 10. exd4 Nxg3 11. hxg3 a6 12. Bd3 Bg7 13. Qe2 Bd7 14. Nce4 Bc6 15. c3 O-O 16. f4 gxf4 17. gxf4 Nxe4 18. Nxe4 e5 19. fxe5 dxe5 20. dxe5 Bxe4 21. Qxe4 Re8 22. O-O-O Rxe5 23. Qxb7 Qg5+ 24. Kb1 Ree8 25. Rhf1 f6 26. Rfe1 Reb8 27. Qe4 f5 28. Qe6+ Kh8 29. Kc2 Rf8 30. Qd5 Rad8 31. Qf3 Qf6 32. Bc4 a5 33. Rxd8 Rxd8 34. Re6 Qg5 35. Bd3 Rb8 36. Qxf5 Rxb2+ 37. Kxb2 Qd2+ 38. Bc2 Qxc3+ 39. Kc1 Qa1+ 40. Kd2 Qc3+ 41. Ke2 Qc4+ 42. Kf3 1-0

[Event "Carnaval"]
[Site "Quebec CAN"]
[Date "2026.02.22"]
[Round "5"]
[White "Cossette, Daniel"]
[Black "Verge, Leo"]
[Result "1-0"]
[WhiteElo "1883"]
[BlackElo "1844"]
[WhiteFideId "-1"]
[BlackFideId "-1"]
[PlyCount "77"]
[GameId "2286552151638112"]
[EventDate "2026.02.20"]
[EventType "swiss"]
[EventRounds "5"]
[EventCountry "CAN"]
[TimeControl "5400+30"]

1. e4 e5 2. Nf3 Nc6 3. d4 exd4 4. c3 d5 5. exd5 Qxd5 6. cxd4 Bg4 7. Be2 O-O-O 8. Nc3 Qa5 9. Be3 Nf6 10. O-O Nd5 11. Nxd5 Qxd5 12. Qa4 Qa5 13. Qxa5 Nxa5 14. Rac1 Bd6 15. h3 Bh5 16. g4 Bg6 17. Ne5 f6 18. Nxg6 hxg6 19. Kg2 f5 20. Bf3 b6 21. Rfe1 Nb7 22. Bg5 Rde8 23. Bc6 Rxe1 24. Rxe1 Nd8 25. Be8 f4 26. f3 Nb7 27. Bxg6 Na5 28. b3 Nc6 29. Re4 Rf8 30. Bf5+ Kb8 31. h4 Nb4 32. Be7 Bxe7 33. Rxe7 Nd5 34. Rxg7 Ne3+ 35. Kh3 Nxf5 36. gxf5 Rxf5 37. Kg4 Rd5 38. h5 Rxd4 39. h6 1-0

[Event "Classical Bliss 2026.02"]
[Site "Montreal CAN"]
[Date "2026.02.05"]
[Round "1.1"]
[White "Both, Aaron"]
[Black "Singher, Jean-Pierre"]
[Result "0-1"]
[WhiteElo "2021"]
[BlackElo "1897"]
[WhiteFideId "-1"]
[BlackFideId "-1"]
[PlyCount "78"]
[GameId "2287298613967935"]
[EventDate "2026.02.05"]
[EventType "swiss"]
[EventRounds "5"]
[EventCountry "CAN"]

1. e4 c5 2. Nc3 Nc6 3. Bb5 Nd4 4. Nf3 Nxb5 5. Nxb5 a6 6. Nc3 d6 7. d4 cxd4 8. Qxd4 e5 9. Qd3 h6 10. Be3 Nf6 11. O-O-O Be6 12. Nh4 Rc8 13. Nf5 Bxf5 14. exf5 Qc7 15. Rd2 Qc4 16. f3 Qxd3 17. Rxd3 Be7 18. g4 Rc6 19. h4 g6 20. fxg6 fxg6 21. Rhd1 Kf7 22. a3 Ke6 23. g5 hxg5 24. hxg5 Ne8 25. f4 Rh2 26. Kb1 Ng7 27. fxe5 dxe5 28. Re1 Rg2 29. Bf4 Bd6 30. Rde3 Nf5 31. Re4 Rg4 32. Nd1 Kd5 33. Rxe5+ Bxe5 34. Rxe5+ Kd4 35. c3+ Kc4 36. Kc2 Rg2+ 37. Bd2 Nd4+ 38. Kb1 Rxd2 39. Ne3+ Kb3 0-1

[Event "Classical Bliss 2026.02"]
[Site "Montreal CAN"]
[Date "2026.02.05"]
[Round "1.2"]
[White "Paikin, Andrei"]
[Black "Robillard, Guillaume"]
[Result "1-0"]
[WhiteElo "1882"]
[BlackElo "1661"]
[WhiteFideId "-1"]
[BlackFideId "-1"]
[PlyCount "126"]
[GameId "2287298614017088"]
[EventDate "2026.02.05"]
[EventType "swiss"]
[EventRounds "5"]
[EventCountry "CAN"]

1. c4 e5 2. g3 Nf6 3. Bg2 c6 4. Nf3 e4 5. Nd4 d5 6. d3 Bb4+ 7. Nc3 O-O 8. O-O Re8 9. Bg5 Bxc3 10. bxc3 h6 11. Bxf6 Qxf6 12. cxd5 cxd5 13. Qb3 Qe5 14. Rfd1 Nc6 15. dxe4 dxe4 16. Nxc6 bxc6 17. Rd4 Be6 18. Qa4 c5 19. Rxe4 Qxc3 20. Rf1 a5 21. Rxe6 fxe6 22. Bxa8 Rxa8 23. Qc6 Rb8 24. Qxe6+ Kh8 25. Rd1 Qc2 26. Rd7 c4 27. Qe5 Rg8 28. Rd6 Kh7 29. Qxa5 Qxe2 30. Qf5+ Kh8 31. Qf4 Kh7 32. Rd2 Qe1+ 33. Kg2 c3 34. Rc2 Rd8 35. Rc1 Qd2 36. Qe4+ Kh8 37. Rc2 Rd4 38. Rxd2 Rxe4 39. Rc2 Ra4 40. Kf3 Kh7 41. Ke3 Kg6 42. Kd3 Ra3 43. Kc4 Kf5 44. Kb4 Ra7 45. Kxc3 Ke4 46. h4 g5 47. hxg5 hxg5 48. Kd2 Kf3 49. Ke1 Re7+ 50. Kf1 Rb7 51. Rc3+ Kg4 52. Kg2 Rb2 53. Rc4+ Kf5 54. g4+ Ke5 55. Ra4 Rc2 56. Kg3 Rc3+ 57. f3 Rd3 58. Kf2 Rc3 59. Ra5+ Kf6 60. Rf5+ Kg6 61. a4 Ra3 62. a5 Ra2+ 63. Ke3 Ra4 1-0

[Event "Classical Bliss 2026.02"]
[Site "Montreal CAN"]
[Date "2026.02.05"]
[Round "1.5"]
[White "Devilliers, Benoit"]
[Black "Azimov, Richard"]
[Result "0-1"]
[WhiteElo "1122"]
[BlackElo "1809"]
[WhiteFideId "-1"]
[BlackFideId "-1"]
[PlyCount "56"]
[GameId "2287298614033473"]
[EventDate "2026.02.05"]
[EventType "swiss"]
[EventRounds "5"]
[EventCountry "CAN"]

1. e4 e5 2. Nf3 Nc6 3. d4 exd4 4. Nxd4 Bc5 5. Nxc6 Qf6 6. Qf3 bxc6 7. Bd3 d6 8. Nc3 Bd4 9. Ne2 Bxb2 10. Bxb2 Qxb2 11. O-O Qf6 12. Qe3 Ne7 13. f4 Ng6 14. Nd4 Bd7 15. e5 Qe7 16. Rae1 O-O 17. Qg3 Kh8 18. f5 Qh4 19. Re4 Qxg3 20. hxg3 Nxe5 21. f6 gxf6 22. Rxf6 Kg7 23. Rf1 f5 24. Rh4 Nxd3 25. cxd3 c5 26. Nf3 h6 27. Kf2 Rab8 28. Ra4 Bxa4 0-1

[Event "Classical Bliss 2026.02"]
[Site "Montreal CAN"]
[Date "2026.02.12"]
[Round "2"]
[White "Singher, Jean-Pierre"]
[Black "Paikin, Andrei"]
[Result "0-1"]
[WhiteElo "1897"]
[BlackElo "1882"]
[WhiteFideId "-1"]
[BlackFideId "-1"]
[PlyCount "48"]
[GameId "2287298614041666"]
[EventDate "2026.02.05"]
[EventType "swiss"]
[EventRounds "5"]
[EventCountry "CAN"]

1. Nf3 d5 2. d4 Nf6 3. c4 e6 4. g3 dxc4 5. Bg2 Bd7 6. O-O Bc6 7. a4 Be7 8. Qc2 Na6 9. Qxc4 Bd5 10. Qc2 Nb4 11. Qd1 c5 12. Nc3 Bc6 13. Bf4 O-O 14. dxc5 Bxc5 15. Rc1 Qe7 16. Ne5 Bxg2 17. Kxg2 Rfd8 18. Qb3 Nh5 19. e3 Nxf4+ 20. exf4 Rd4 21. Nb5 Rd2 22. Qc3 Rd5 23. Nc7 Qxc7 24. Qxb4 Rxe5 0-1

[Event "Classical Bliss 2026.02"]
[Site "Montreal CAN"]
[Date "2026.02.19"]
[Round "3"]
[White "Paikin, Andrei"]
[Black "Ghnatios, Ralph"]
[Result "1/2-1/2"]
[WhiteElo "1882"]
[BlackElo "1966"]
[WhiteFideId "-1"]
[BlackFideId "-1"]
[PlyCount "166"]
[GameId "2287298614041667"]
[EventDate "2026.02.05"]
[EventType "swiss"]
[EventRounds "5"]
[EventCountry "CAN"]

1. c4 Nf6 2. Nc3 g6 3. Nf3 Bg7 4. e4 d6 5. d4 O-O 6. Bd3 Nbd7 7. O-O e5 8. d5 a5 9. a3 Nc5 10. Bc2 Bd7 11. b3 Ne8 12. Rb1 f5 13. b4 axb4 14. axb4 Nxe4 15. Nxe4 fxe4 16. Ng5 Nf6 17. Nxe4 Ra2 18. Nc3 Rxc2 19. Qxc2 Bf5 20. Qb3 Bxb1 21. Qxb1 Qd7 22. Bg5 Nh5 23. Ne4 h6 24. Be3 Nf4 25. Bxf4 exf4 26. f3 Bd4+ 27. Kh1 Ra8 28. Qd3 Be5 29. g3 Qe7 30. Rg1 fxg3 31. Nxg3 Kh7 32. Qe4 Rf8 33. Re1 Qf7 34. Kg2 Qf6 35. Re2 Qg5 36. Qg4 Qf6 37. Qe4 Rf7 38. Ra2 Qg5 39. Re2 Rf4 40. Qd3 Rd4 41. Qc2 h5 42. Qa4 h4 43. Qd7+ Kg8 44. Qc8+ Kg7 45. Qd7+ Kh6 46. Qh3 Rxc4 47. b5 b6 48. Kf2 Bxg3+ 49. hxg3 Qxg3+ 50. Qxg3 hxg3+ 51. Kxg3 Kg5 52. Re7 Kf6 53. Rh7 Rc5 54. Kf4 Rxd5 55. Rxc7 Rxb5 56. Ke4 Ke6 57. Rg7 Rb4+ 58. Ke3 Kf5 59. Rf7+ Ke5 60. Re7+ Kf6 61. Rd7 Rb3+ 62. Ke4 Ke6 63. Rg7 d5+ 64. Kd4 Rb4+ 65. Kc3 Rc4+ 66. Kd3 Kf5 67. Rd7 Rc5 68. Rd6 Rb5 69. Kd4 g5 70. Rd8 Kf4 71. Rf8+ Kg3 72. Rf5 Kh4 73. Rf8 Rb4+ 74. Kxd5 Kg3 75. Ke5 Rc4 76. Kd5 Rc5+ 77. Kd4 Ra5 78. Rf6 Ra4+ 79. Ke3 Ra3+ 80. Ke4 b5 81. Rf5 Ra4+ 82. Ke3 Ra3+ 83. Ke4 Ra4+ 1/2-1/2

[Event "Classical Bliss 2026.02"]
[Site "Montreal CAN"]
[Date "2026.03.19"]
[Round "3"]
[White "Nassif, Aba"]
[Black "Robillard, Guillaume"]
[Result "1-0"]
[WhiteElo "1949"]
[BlackElo "1661"]
[WhiteFideId "-1"]
[BlackFideId "-1"]
[PlyCount "110"]
[GameId "2287298614049860"]
[EventDate "2026.02.05"]
[EventType "swiss"]
[EventRounds "5"]
[EventCountry "CAN"]

1. d4 Nf6 2. Nc3 d5 3. Bf4 c5 4. e4 Nxe4 5. Nxe4 dxe4 6. dxc5 Qa5+ 7. c3 Qxc5 8. Qa4+ Nc6 9. Qxe4 g6 10. Nf3 Bg7 11. Rd1 Be6 12. Qa4 O-O 13. Be2 Qb6 14. Rd2 Rfd8 15. Be3 Qc7 16. Ng5 Rxd2 17. Bxd2 Bd5 18. O-O Ne5 19. b3 h6 20. Nh3 a6 21. Qh4 Qc6 22. Qg3 Nd7 23. Nf4 Be4 24. f3 Bf5 25. Qf2 e5 26. Nd3 Qd6 27. Qe3 Rd8 28. Rd1 Nb6 29. Nc5 Qc6 30. b4 Nd5 31. Qf2 Nf4 32. Bf1 Qd5 33. c4 Qc6 34. Qe1 Qc7 35. Be3 Rxd1 36. Qxd1 Ne6 37. g4 Nxc5 38. gxf5 Nd7 39. fxg6 fxg6 40. Qd5+ Kh7 41. Qf7 Qd6 42. c5 Qd1 43. Kf2 Qc2+ 44. Be2 Qf5 45. Qxf5 gxf5 46. Bxa6 f4 47. Bd3+ Kg8 48. Bd2 Bf8 49. Be4 Nxc5 50. bxc5 Bxc5+ 51. Ke2 b6 52. Bc3 Bd6 53. Kd3 b5 54. Bd5+ Kg7 55. Ke4 Kf6 1-0

[Event "Classical Bliss 2026.02"]
[Site "Montreal CAN"]
[Date "2026.02.19"]
[Round "3"]
[White "Devilliers, Benoit"]
[Black "Singher, Jean-Pierre"]
[Result "0-1"]
[WhiteElo "1122"]
[BlackElo "1897"]
[WhiteFideId "-1"]
[BlackFideId "-1"]
[PlyCount "52"]
[GameId "2287298614049861"]
[EventDate "2026.02.05"]
[EventType "swiss"]
[EventRounds "5"]
[EventCountry "CAN"]

1. e4 c5 2. b3 e6 3. Bb2 Nc6 4. Bc4 d5 5. exd5 exd5 6. Bb5 Nf6 7. Ne2 Bd6 8. d3 O-O 9. Bxc6 bxc6 10. Nbc3 Re8 11. h3 Qe7 12. O-O d4 13. Ne4 Nxe4 14. dxe4 Qxe4 15. Ng3 Qg6 16. Kh2 h5 17. f4 h4 18. Nh1 Bf5 19. c3 d3 20. c4 Re2 21. Rf2 Bxf4+ 22. Kg1 Be3 23. Kf1 Bxf2 24. Nxf2 Qg3 25. Qxe2 dxe2+ 26. Kxe2 Qxg2 0-1

[Event "Classical Bliss 2026.02"]
[Site "Montreal CAN"]
[Date "2026.02.26"]
[Round "4"]
[White "Singher, Jean-Pierre"]
[Black "Robillard, Guillaume"]
[Result "1-0"]
[WhiteElo "1897"]
[BlackElo "1661"]
[WhiteFideId "-1"]
[BlackFideId "-1"]
[PlyCount "69"]
[GameId "2287298614049862"]
[EventDate "2026.02.05"]
[EventType "swiss"]
[EventRounds "5"]
[EventCountry "CAN"]

1. d4 Nf6 2. Nf3 d6 3. g3 c6 4. Bg2 Nbd7 5. b3 g6 6. Bb2 Bg7 7. O-O O-O 8. a4 Qc7 9. Nc3 e5 10. e4 exd4 11. Nxd4 Re8 12. h3 Nc5 13. Re1 a6 14. a5 Ne6 15. Nf3 Bd7 16. b4 Rad8 17. Na4 Nh5 18. Bxg7 Kxg7 19. c3 f6 20. Nb6 Nf8 21. Qd2 Kf7 22. Qh6 Ng7 23. Rad1 Be6 24. Nd4 f5 25. Nxe6 Rxe6 26. exf5 Rxe1+ 27. Rxe1 Nxf5 28. Qf4 Kg8 29. Qg5 Kg7 30. g4 h6 31. Qf4 Nh4 32. Qd4+ Kf7 33. Nd5 Nxg2 34. Qf6+ Kg8 35. Re7 1-0

[Event "Classical Bliss 2026.02"]
[Site "Montreal CAN"]
[Date "2026.02.26"]
[Round "4"]
[White "Ghnatios, Ralph"]
[Black "Devilliers, Benoit"]
[Result "0-1"]
[WhiteElo "1966"]
[BlackElo "1122"]
[WhiteFideId "-1"]
[BlackFideId "-1"]
[PlyCount "67"]
[GameId "2287298614058055"]
[EventDate "2026.02.05"]
[EventType "swiss"]
[EventRounds "5"]
[EventCountry "CAN"]

1. e4 d6 2. d4 Nf6 3. Nc3 g6 4. f4 Bg7 5. Nf3 O-O 6. Bd3 Na6 7. e5 Ne8 8. O-O f6 9. Qe2 c5 10. Bc4+ Kh8 11. e6 cxd4 12. Nxd4 f5 13. Be3 Nec7 14. g4 Nc5 15. gxf5 gxf5 16. Qh5 d5 17. Nxf5 N7xe6 18. Bd3 Rxf5 19. Bxf5 Qg8 20. Kh1 d4 21. Ne4 dxe3 22. Rad1 Nd4 23. Bxc8 Rxc8 24. Ng5 Rf8 25. Rd3 e2 26. Rg1 Nce6 27. c3 Nxf4 28. Qxh7+ Qxh7 29. Nxh7 Nxd3 30. Nxf8 Bxf8 31. cxd4 e1=Q 32. Rxe1 Nxe1 33. d5 Kg7 34. Kg1 0-1

[Event "Classical Bliss 2026.02"]
[Site "Montreal CAN"]
[Date "2026.02.26"]
[Round "4"]
[White "Nassif, Aba"]
[Black "Paikin, Andrei"]
[Result "1-0"]
[WhiteElo "1949"]
[BlackElo "1882"]
[WhiteFideId "-1"]
[BlackFideId "-1"]
[PlyCount "73"]
[GameId "2287298614058056"]
[EventDate "2026.02.05"]
[EventType "swiss"]
[EventRounds "5"]
[EventCountry "CAN"]

1. d4 d5 2. Nc3 Nf6 3. Bf4 e6 4. Nb5 Bb4+ 5. c3 Ba5 6. a4 O-O 7. b4 a6 8. bxa5 axb5 9. axb5 Ne4 10. f3 Nd6 11. e3 Bd7 12. Qb1 g5 13. Bg3 Nf5 14. Bf2 c5 15. dxc5 Rxa5 16. e4 Qf6 17. Qb2 Rxa1+ 18. Qxa1 dxe4 19. fxe4 Qe5 20. Bd3 g4 21. Ne2 Ne7 22. O-O f5 23. Bd4 Qc7 24. c4 Ng6 25. e5 Bc8 26. c6 bxc6 27. b6 Qe7 28. Qa7 Na6 29. c5 Nb4 30. Bc4 Bb7 31. Bxe6+ Qxe6 32. Qxb7 Nc2 33. Bf2 Qxe5 34. Qa6 Ne3 35. Qa2+ Kg7 36. Qa1 Nxf1 37. Bd4 1-0

[Event "Classical Bliss 2026.02"]
[Site "Montreal CAN"]
[Date "2026.03.05"]
[Round "5"]
[White "Robillard, Guillaume"]
[Black "Ghnatios, Ralph"]
[Result "1-0"]
[WhiteElo "1661"]
[BlackElo "1966"]
[WhiteFideId "-1"]
[BlackFideId "-1"]
[PlyCount "148"]
[GameId "2287298614058057"]
[EventDate "2026.02.05"]
[EventType "swiss"]
[EventRounds "5"]
[EventCountry "CAN"]

1. e4 c5 2. Nf3 g6 3. d4 Bg7 4. c4 cxd4 5. Nxd4 Nc6 6. Be3 Nf6 7. Nc3 d6 8. Be2 O-O 9. Qd2 a5 10. O-O a4 11. Rac1 Qa5 12. Ndb5 Be6 13. Bh6 Rfc8 14. Bxg7 Kxg7 15. Qe3 Qb4 16. Nd5 Qc5 17. Qxc5 dxc5 18. Nb6 Nxe4 19. Nxa8 Rxa8 20. Nc7 Rd8 21. Nxe6+ fxe6 22. Rfd1 Nd4 23. Bd3 Nd6 24. Kf1 Ra8 25. Rc3 Ra6 26. Ra3 e5 27. f3 Rb6 28. Rd2 Rb4 29. Rc3 Kf6 30. Kf2 h6 31. h4 g5 32. hxg5+ hxg5 33. a3 Rb6 34. g4 Ne6 35. Ke3 Nf4 36. Be2 Ng2+ 37. Kf2 Nf4 38. Bd1 Ra6 39. Ke3 Ra8 40. Rh2 Ng6 41. Bc2 Nh4 42. Rd2 b6 43. Be4 Ra7 44. Bc6 Ng6 45. Rh2 Nh4 46. Bb5 Ra5 47. Bc6 Ra7 48. Bd5 Ra5 49. b4 axb3 50. Rxb3 Ra6 51. Rhb2 Ng6 52. Rxb6 Rxa3+ 53. Kf2 Nf4 54. R2b3 Ra2+ 55. Kf1 Rc2 56. Rc6 Nxd5 57. cxd5 c4 58. Rbb6 Kf7 59. Rc7 Kf6 60. Ke1 Rc3 61. Rb8 Rd3 62. Rb6 Rd4 63. Ke2 e4 64. fxe4 Rxe4+ 65. Kf3 Rf4+ 66. Kg3 Rd4 67. Rcc6 Ke5 68. Rc7 Rd3+ 69. Kf2 Kxd5 70. Rxe7 c3 71. Ke2 Rd2+ 72. Ke1 Kc4 73. Rc7+ Kd3 74. Rxd6+ Kc2 1-0